Manipulácia ako prostriedok ovplyvňovania priebehu a výsledku obchodného rokovania

Správanie partnerov počas obchodného rokovania. Vedomé či nevedomé vytváranie tlaku na partnera. Manipulácia ako cielené, často skryté ovplyvňovanie správania partnera. Zvládanie vlastných emócií. Pravidlá fair play pri obchodnom rokovaní. Manipulatívne techniky. Protimanipulatívne techniky.

Gespeichert in:
Bibliographische Detailangaben
1. Verfasser: Helmová, Milena, 1954-
Format: Buchkapitel
Sprache:Slowakisch
Schlagworte:
Tags: Tag hinzufügen
Keine Tags, Fügen Sie das erste Tag hinzu!

MARC

LEADER 00000naa$a2200000$$$4500
001 0160054
005 20240502072759.0
041 0 |a slo 
044 |a SK 
245 1 0 |a Manipulácia ako prostriedok ovplyvňovania priebehu a výsledku obchodného rokovania  |c Milena Helmová 
520 |a Správanie partnerov počas obchodného rokovania. Vedomé či nevedomé vytváranie tlaku na partnera. Manipulácia ako cielené, často skryté ovplyvňovanie správania partnera. Zvládanie vlastných emócií. Pravidlá fair play pri obchodnom rokovaní. Manipulatívne techniky. Protimanipulatívne techniky. 
610 2 0 |a rokovania obchodné 
610 2 0 |a partneri obchodní 
610 2 0 |a emócie 
610 2 0 |a komunikácia 
100 1 |a Helmová, Milena, 1954-